| 000 | 06872cam a22019574i 4500 | ||
|---|---|---|---|
| 003 | PE-LiUPU | ||
| 005 | 20250813165508.0 | ||
| 008 | 171212s2015 sp a rb 001 0 spa d | ||
| 020 | _a8490225354 | ||
| 020 | _a9788490225356 | ||
| 035 | _a(Sirsi) a240433 | ||
| 040 |
_aPE-LiUPU _bspa _cPE-LiUPU _dPE-LiUPU _erda |
||
| 041 | 1 |
_aspa _heng |
|
| 049 | _aPRUA | ||
| 082 | 0 | 4 |
_a610.73 _bP69 _220 |
| 100 | 1 |
_aPotter, Patricia Anne, _eautora. |
|
| 245 | 1 | 0 |
_aFundamentos de enfermería / _cPatricia A. Potter, Anne Griffin Perry, Patricia A. Stockert, Amy M. Hall. |
| 250 | _aOctava edición. | ||
| 264 | 1 |
_aBarcelona : _bElsevier, _c2015. |
|
| 300 |
_axxx, 1367 páginas : _bilustraciones ; _c29 centímetros |
||
| 336 |
_atext _2rdacontent |
||
| 337 |
_aunmediated _2rdamedia |
||
| 338 |
_avolume _2rdacarrier |
||
| 504 | _aBibliografía al final de cada capítulo. | ||
| 504 | _aÍndice : páginas 1325-1367. | ||
| 505 | 0 | _aEnfermería y entorno de cuidados de salud -- La enfermería en la actualidad -- Sistema de prestación de cuidados sanitarios -- Práctica de la enfermería basada en la comunidad -- Fundamentos teóricos de la práctica enfermera -- Práctica basada en la evidencia -- Cuidados durante toda la vida -- Salud y bienestar -- Cuidar en la práctica enfermera -- Cuidados al superviviente del cáncer -- Cultura y etnicidad -- Cuidado de las familias -- Teorías del desarrollo -- De la concepción a la adolescencia -- Adultos jóvenes y de mediana edad - Ancianos -- Pensamiento crítico en la práctica de enfermería -- Pensamiento crítico en la práctica enfermera -- Valoración de enfermería -- Diagnóstico de enfermería -- Planificación de los cuidados de enfermería -- Implementación de los cuidados - Evaluación -- Gestionar la atención al paciente -- Estándares profesionales en la práctica de enfermería -- Ética y valores -- Implicaciones legales en la práctica enfermera - Comunicación -- Educación del paciente -- Documentación e informática --Fundamentos de la práctica de enfermería -- Seguridad del paciente -- Prevención y control de infecciones -- Constantes vitales -- Valoración de salud y exploración física -- Administración de medicamentos -- Terapias complementarias y alternativas -- Bases psicosociales de la práctica de enfermería - Autoconcepto - Sexualidad -- Salud espiritual -- La experiencia de la pérdida, la muerte y el duelo -- Estrés y afrontamiento -- Bases fisiológicas de la práctica de enfermería -- Actividad y ejercicio - Higiene - Oxigenación -- Equilibrio de líquidos, electrólitos y ácido-base - Sueño -- Tratamiento del dolor - Nutrición -- Eliminación urinaria -- Eliminación intestinal -- Movilidad e inmovilidad -- Integridad de la piel y cuidado de heridas -- Alteraciones sensoriales -- Cuidados en el paciente quirúrgico. | |
| 526 | _aP203 | ||
| 526 | _aP200 | ||
| 526 | _aSEG65 | ||
| 526 | _aSEG64 | ||
| 526 | _aSEG63 | ||
| 526 | _aSEG62 | ||
| 526 | _aSEG61 | ||
| 526 | _aSEG60 | ||
| 526 | _aSEG59 | ||
| 526 | _aSEG58 | ||
| 526 | _aSEG57 | ||
| 526 | _aSEG56 | ||
| 526 | _aSEG55 | ||
| 526 | _aSEG54 | ||
| 526 | _aSEG53 | ||
| 526 | _aSEG52 | ||
| 526 | _aSEG51 | ||
| 526 | _aSEG50 | ||
| 526 | _aSEG49 | ||
| 526 | _aSEG48 | ||
| 526 | _aSEG47 | ||
| 526 | _aSEG46 | ||
| 526 | _aSEG24 | ||
| 526 | _aSEG23 | ||
| 526 | _aSEG22 | ||
| 526 | _aSEG21 | ||
| 526 | _aSEG20 | ||
| 526 | _aSEG19 | ||
| 526 | _aSEG18 | ||
| 526 | _aSEG17 | ||
| 526 | _aSEG16 | ||
| 526 | _aSEG14 | ||
| 526 | _aSEG13 | ||
| 526 | _aSEG12 | ||
| 526 | _aSEG11 | ||
| 526 | _aSEG10 | ||
| 526 | _aSEG09 | ||
| 526 | _aSEG06 | ||
| 526 | _aSEG05 | ||
| 526 | _aSEG04 | ||
| 526 | _aSEG03 | ||
| 526 | _aSEG02 | ||
| 526 | _aSEG68 | ||
| 526 | _aSEG66 | ||
| 526 | _aSEG45 | ||
| 526 | _aSEG25 | ||
| 526 | _aSEG01 | ||
| 526 | _aP163 | ||
| 526 | _aP162 | ||
| 526 | _aP161 | ||
| 526 | _aP160 | ||
| 526 | _aP159 | ||
| 526 | _aP158 | ||
| 526 | _aP157 | ||
| 526 | _aP156 | ||
| 526 | _aP155 | ||
| 526 | _aP154 | ||
| 526 | _aP153 | ||
| 526 | _aP152 | ||
| 526 | _aP151 | ||
| 526 | _aP150 | ||
| 526 | _aP149 | ||
| 526 | _aP142 | ||
| 526 | _aP141 | ||
| 526 | _aP140 | ||
| 526 | _aP139 | ||
| 526 | _aP138 | ||
| 526 | _aP137 | ||
| 526 | _aP132 | ||
| 526 | _aP131 | ||
| 526 | _aP130 | ||
| 526 | _aP126 | ||
| 526 | _aP125 | ||
| 526 | _aP124 | ||
| 526 | _aP123 | ||
| 526 | _aP115 | ||
| 526 | _aP122 | ||
| 526 | _aP121 | ||
| 526 | _aP116 | ||
| 526 | _a P114 | ||
| 526 | _aP112 | ||
| 526 | _aP111 | ||
| 526 | _aP104 | ||
| 526 | _aP103 | ||
| 526 | _aP102 | ||
| 526 | _aP101 | ||
| 526 | _aP100 | ||
| 526 | _aP96 | ||
| 526 | _aP95 | ||
| 526 | _aP93 | ||
| 526 | _aP92 | ||
| 526 | _aP91 | ||
| 526 | _aP88 | ||
| 526 | _aP83 | ||
| 526 | _aP82 | ||
| 526 | _aP79 | ||
| 526 | _aP78 | ||
| 526 | _aP75 | ||
| 526 | _aP74 | ||
| 526 | _aP71 | ||
| 526 | _aP69 | ||
| 526 | _a P51 | ||
| 526 | _aP49 | ||
| 526 | _aP48 | ||
| 526 | _aP47 | ||
| 526 | _aP33 | ||
| 526 | _aP31 | ||
| 526 | _a P30 | ||
| 526 | _aP29 | ||
| 526 | _aP27 | ||
| 526 | _aP26 | ||
| 526 | _aP25 | ||
| 526 | _aP24 | ||
| 526 | _a P22 | ||
| 526 | _aP10 | ||
| 526 | _aP09 | ||
| 526 | _a P08 | ||
| 526 | _aP06 | ||
| 526 | _aP05 | ||
| 526 | _aP04 | ||
| 526 | _aP01 | ||
| 534 |
_pTítulo original : _tFundamentals of nursing. |
||
| 541 | _g0028-0000237; | ||
| 541 | _g002-00000056; | ||
| 541 | _gE001-8; | ||
| 650 | 0 | 4 |
_aEnfermería. _93122 |
| 650 | 0 | 4 | _aNursing. |
| 700 | 1 |
_aPerry, Anne Griffin, _eautora. |
|
| 700 | 1 |
_aStockert, Patrica A., _eautora. |
|
| 700 | 1 |
_aHall, Amy M., _eautora. |
|
| 910 |
_adbm _bksl _cksl _d20171212 |
||
| 910 |
_adbm _bcsm _ccsm _d20180531 |
||
| 910 |
_abgr _bjpc _cjpc _d20190726 |
||
| 942 |
_2ddc _cBOOK |
||
| 994 |
_aC0 _bPEPRU |
||
| 596 | _a1 | ||
| 999 |
_a610.73 P69 _wDEWEY _c26097 _i77435 _d26097 _e2022-6-28 _f2021-11-3 _g4 _lCCODEBUL1 _mBUL _n21 _p207.54 _q20 _r0 _sY _tBOOK _u2017-12-12 _xSALUD _zP69 _0COMPRA _o.PUBLIC. Documento de alto precio _o.STAFF. Colección Ciencias de la Salud |
||
| 999 |
_a610.73 P69 _wDEWEY _c2 _i78714 _d2019-11-28 _e2019-11-20 _f2021-11-3 _g4 _lCCODEBUL1 _mBUL _n17 _p191.00 _q15 _r0 _sY _tBOOK _u2018-5-31 _xSALUD _PP22 _0COMPRA _1FCOMPRA _o.STAFF. Colección Ciencias de la Salud |
||
| 999 |
_a610.73 P69 _wDEWEY _c3 _i80422 _d2022-6-23 _e2022-6-20 _f2021-11-3 _g3 _lCCODEBUL1 _mBUL _n2 _p178.35 _q11 _r0 _sY _tBOOK _u2019-7-26 _xSALUD _zESPECIALI _0COMPRA _1FCOMPR3 _o.PUBLIC. Documento de alto precio!! _o.STAFF. Colección Ciencias de la Salud |
||
| 980 |
_81 _gALBERTO SANCHEZ Responsable de Automatización |
||